000 01709cam a22004097i 4500
001 1303637668
003 SIRSI
005 20240613115554.0
008 220315t20212021nyua j 000 1 eng d
020 _a9781338768053
_q(paperback)
020 _a1338768050
_q(paperback)
040 _aUUC
_beng
_cUUC
_dOCLCO
_dOCLCF
_dOCLCO
_dXY4
_dOCLCQ
_dOCLCO
092 _aPBJ
_bPOKEMON
100 1 _aDewin, Howard,
_eauthor.
245 1 4 _aThe four-star challenge / adapted by Howard Dewin ;
_bScyther, heart of a champion / adapted by Sheila Sweeney.
_c
246 3 _aScyther, heart of a champion.
246 3 _aThe four-star challenge
260 _aNew York :
_bScholastic Inc.,
_cc2021.
264 1 _aNew York :
_bScholastic Inc.,
_c[2021]
264 4 _cc2021.
300 _a89, 86 pages :
_billustrations ;
_c20 cm.
336 _atext
_btxt
_2rdacontent.
336 _astill image
_bsti
_2rdacontent.
337 _aunmediated
_bn
_2rdamedia.
338 _avolume
_bnc
_2rdacarrier.
490 1 _aPokemon.
500 _aTexts bound back-to-back and inverted.
520 _aThe ultimate test! The Orange Islands have a Pokemon league of their own. But these gym matches are beyond different. Mountain climbing? Dancing Pokemon? And sometimes Ash can't even use his Pokemon! What's up with that?
520 _aScyther challenges Charizard to a battle in an attempt to regain his lost pride.
650 0 _aUpside-down books.
650 0 _aAnimals, Mythical
_vJuvenile fiction.
650 0 _aPokemon (Fictitious characters)
_vJuvenile fiction.
700 1 _aHigginson, Sheila Sweeny,
_d1966-
_tScyther, heart of a champion.
730 0 _aPok©♭mon (Television program)
830 0 _aPokemon.
942 _cBK
999 _c29870
_d29868